| 000 | 01682cam a2200373 a 4500 | ||
|---|---|---|---|
| 003 | OSt | ||
| 005 | 20201026114511.0 | ||
| 008 | 130226t 1999ck r 000 0 spa d | ||
| 020 | _a9580454213 | ||
| 040 |
_aCO-BoBLA _bspa _cCO-JMCR |
||
| 041 | 1 |
_aspa _heng |
|
| 082 | 0 | 4 |
_a338.542 / _bK943v _223 |
| 100 | 1 |
_aKrugman, Paul R. _eautor _911949 |
|
| 245 | 1 | 0 |
_aDe vuelta a la economía de la gran depresión _cPaul R. Krugman ; traducción de Bernardo Recamán Santos |
| 250 | _aPrimera edicicón | ||
| 260 |
_aBogotá : _aBuenos Aires : _bGrupo Editorial Norma _cc1999. |
||
| 300 |
_a257 páginas ; _c22 cm. |
||
| 490 | 0 | _aColección vitral | |
| 500 | _aDatos biográficos del autor en solapa frontal. | ||
| 505 | 0 | _aJulio 1 de 1997 -- un curso breve sobre milagros -- El futuro que no funciona -- Todos caen -- El juego de la confianza -- Amos de la confianza -- Amos del universo -- ¿Tocando fondo? -- De vuelta a la economía de la gran depresión | |
| 534 | _tReturn of depression economics. | ||
| 650 | 1 | 4 |
_aCrisis económica _y1929 _911950 |
| 650 | 2 | 4 |
_aCrisis económica _ySiglos XX-XXI _911951 |
| 650 | 2 | 4 |
_aCiclos económicos _ySiglos XX-XXI _911952 |
| 650 | 2 | 4 |
_aCrisis financiera _ySiglos XX-XXI _911953 |
| 650 | 2 | 4 |
_aCrisis financiera global, 2008-2009 _911954 |
| 650 | 2 | 4 |
_aPolítica económica _ySiglos XX-XXI _911955 |
| 650 | 2 | 4 |
_aDesarrollo económico _ySiglos XX-XXI _911956 |
| 650 | 2 | 4 |
_aHistoria económica _ySiglos XX-XXI _911957 |
| 700 | 1 |
_aRecamán Santos, Bernardo _etraductor _911958 |
|
| 942 |
_2ddc _cBK |
||
| 999 |
_c6969 _d6969 |
||